书目信息 |
| 题名: |
橡胶工业手册 修订版 第七分册 生活橡胶制品和胶乳制品
|
|
| 作者: | 赵光贤 主编 | |
| 分册: | ||
| 出版信息: | 北京 化学工业出版社 1990.10 |
|
| 页数: | 487页 | |
| 开本: | 16开 | |
| 丛书名: | ||
| 单 册: | ||
| 中图分类: | TQ336-62 | |
| 科图分类: | ||
| 主题词: | 橡胶制品 | |
| 电子资源: | ||
| ISBN: | 7-5025-0690-X | |
| 000 | 00683nam0 2200193 45 | |
| 001 | 0010071702 | |
| 005 | 20001007172340.4 | |
| 010 | @a7-5025-0690-X@d60.00元 | |
| 100 | @a20001007d1990 km y0chiy0120 ea | |
| 101 | 0 | @achi |
| 105 | @a z 000yy | |
| 200 | 1 | @a橡胶工业手册 修订版 第七分册 生活橡胶制品和胶乳制品@AXiang Jiao Gong Ye Shou Ce Xiu Ding Ban Di Qi Fen CeSheng Huo Xiang Jiao Zhi Pin He Jiao Ru Zhi Pin@f赵光贤等主编@FZhao Guang Xian Deng Zhu Bian |
| 210 | @a北京@c化学工业出版社@d1990.10 | |
| 215 | @a487页@d16开 | |
| 606 | 0 | @a橡胶制品 |
| 690 | @aTQ336-62@v3 | |
| 701 | 0 | @a赵光贤@4主编 |
| 801 | @aCN@bPftUser@c20001007 | |
| 905 | @b171845-847@dTQ336-62@eZH887=2:7@f3 | |
| 橡胶工业手册 修订版 第七分册 生活橡胶制品和胶乳制品/赵光贤等主编.-北京:化学工业出版社,1990.10 |
| 487页;16开 |
| ISBN 7-5025-0690-X:60.00元 |
| ● |
| 相关链接 |
|
|
|
正题名:橡胶工业手册修订版第七分册生活橡胶制品和
索取号:TQ336-62/ZH887=2:7
 
预约/预借
| 序号 | 登录号 | 条形码 | 馆藏地/架位号 | 状态 | 备注 |
| 1 | 171845 | 201718454 | 自科二线504/504自科库 30排3列3层/ [索取号:TQ336-62/ZH887=2:7] | 在馆 | |
| 2 | 171846 | 201718463 | 自科库501/501自科库 39排1列2层/ [索取号:TQ336-62/ZH887=2:7] | 在馆 | |
| 3 | 171847 | 201718472 | 自科二线504/504自科库 30排3列3层/ [索取号:TQ336-62/ZH887=2:7] | 在馆 |